Statistiken für Die 10 größten Seen Österreichs

Klicken Sie hier um das Quiz zu spielen!

Allgemein

  • Dieses Quiz wurde 149 mal gespielt
  • Das Durchschnittsergebnis liegt bei 7 aus 10

Antwortstatistiken

#Fläche km²See% Korrekt
1536 *Bodensee
96%
2315 *Neusiedler See
91%
519,3Wörthersee
87%
345,9Attersee
79%
713,5Wolfgangsee
73%
424,5Traunsee / Gmundner See
70%
614,2Mondsee
68%
813,3Millstättersee
62%
910,6Ossiacher See
62%
108,4Hallstätter See
37%

Verteilung der Resultate

Perzentil nach korrekt beantworteten Fragen

Anzahl Personen mit jedem Resultat

Ihre Resultats-Entwicklung

Sie haben dieses Quiz noch nicht gespielt